000 00412nam a2200145Ia 4500
008 231129s2008||||xx |||||||||||||| ||spa||
020 _a958-8156-68-8
040 _bspa
082 _aR 728.72 C346c
100 _aCastañeda Buraglia Antonio
245 0 _aCasa de recreo en Colombia
260 _c2008
264 _aBogotá Colombia : Villegas Editores
942 _2ddc
_cBKS
999 _c6753
_d6753